La herencia biológica / (Record no. 124598)

MARC details
000 -LEADER
campo de control de longitud fija 00669nam a2200217 i 4500
001 - NÚMERO DE CONTROL
campo de control 124598
003 - IDENTIFICADOR DE NÚMERO DE CONTROL
campo de control ES-MaACL
005 - FECHA Y HORA DE LA ÚLTIMA TRANSACCIÓN
campo de control 20251002203814.0
007 - CAMPO FIJO DE DESCRIPCIÓN FÍSICA--INFORMACIÓN GENERAL
campo de control de longitud fija t|
008 - DATOS DE LONGITUD FIJA--INFORMACIÓN GENERAL
campo de control de longitud fija 070409s1934 sp ||||1| spa d
080 ## - NÚMERO DE LA CLASIFICACIÓN DECIMAL UNIVERSAL
Número de la Clasificación Decimal Universal 575.1(022)
100 1# - ENTRADA PRINCIPAL--NOMBRE DE PERSONA
Nombre de persona Just, Günther.
9 (RLIN) 67345
245 13 - MENCIÓN DEL TÍTULO
Título La herencia biológica /
Mención de responsabilidad, etc. Günther Just ; traducción del alemán por E. Fernández Galiano.
260 ## - PUBLICACIÓN, DISTRIBUCIÓN, ETC.
Lugar de publicación, distribución, etc. Barcelona :
Nombre del editor, distribuidor, etc. Labor,
Fecha de publicación, distribución, etc. [1934]
300 ## - DESCRIPCIÓN FÍSICA
Extensión 190 p. :
Otras características físicas il. ;
Dimensiones 17 cm.
490 1# - MENCIÓN DE SERIE
Mención de serie Colección Labor ;
Designación de volumen o secuencia 351
700 1# - ENTRADA AGREGADA--NOMBRE PERSONAL
Nombre de persona Fernández Galiano, Emilio,
Fechas asociadas al nombre 1885-1953
9 (RLIN) 49799
830 00 - PUNTO DE ACCESO ADICIONAL DE SERIE-TÍTULO UNIFORME
Título uniforme Colección Labor
Designación de volumen o secuencia 351
9 (RLIN) 184254
852 ## - LOCALIZACIÓN
Ubicación ES-MaACL
Número de control de estantería E-2833
Holdings
Estatus retirado Estado de pérdida Estado de daño No para préstamo Biblioteca de origen Biblioteca actual Ubicación en estantería Fecha de adquisición Fuente de adquisición Total de préstamos Signatura topográfica completa Código de barras Visto por última vez Precio de reemplazo Tipo de ítem Koha
        Biblioteca del Ateneo de Madrid Biblioteca del Ateneo de Madrid Depósito 2 17/01/2008     E-2833 1129815 23/02/2023 23/02/2023 Libro impreso